| 000 -LEADER |
| fixed length control field |
01147cam a22003137a 4500 |
| 003 - CONTROL NUMBER IDENTIFIER |
| control field |
OSt |
| 005 - DATE AND TIME OF LATEST TRANSACTION |
| control field |
20220330125938.0 |
| 008 - FIXED-LENGTH DATA ELEMENTS--GENERAL INFORMATION |
| fixed length control field |
150213s2014 gw abe 001 0 eng d |
| 016 7# - NATIONAL BIBLIOGRAPHIC AGENCY CONTROL NUMBER |
| Record control number |
1054108749 |
| Source |
DE-101 |
| 020 ## - INTERNATIONAL STANDARD BOOK NUMBER |
| International Standard Book Number |
9783869220383 |
| Qualifying information |
(English edition : |
| -- |
hd. bd.) |
| 020 ## - INTERNATIONAL STANDARD BOOK NUMBER |
| International Standard Book Number |
3869220384 |
| Qualifying information |
(English edition : |
| -- |
hd. bd.) |
| 042 ## - AUTHENTICATION CODE |
| Authentication code |
lccopycat |
| 072 #7 - SUBJECT CATEGORY CODE |
| Subject category code |
NA |
| Source |
lcco |
| 082 ## - DEWEY DECIMAL CLASSIFICATION NUMBER |
| Classification number |
727 |
| 245 00 - TITLE STATEMENT |
| Title |
School buildings / |
| Statement of responsibility, etc |
edited by Natascha Meuser ; with essays by Hans Wolfgang Hoffmann, Thomas Müller and Jochem Schneider ; [translation, Geoffrey Steinherz]. |
| 260 ## - PUBLICATION, DISTRIBUTION, ETC. (IMPRINT) |
| Place of publication, distribution, etc |
Berlin : |
| Name of publisher, distributor, etc |
DOM Publishers, |
| Date of publication, distribution, etc |
2014. |
| 300 ## - PHYSICAL DESCRIPTION |
| Extent |
391 pages : |
| Other physical details |
illustrations (chiefly color), map, plans ; |
| Dimensions |
29 cm. |
| 490 1# - SERIES STATEMENT |
| Series statement |
Construction and design manual |
| 500 ## - GENERAL NOTE |
| General note |
Includes index. |
| 500 ## - GENERAL NOTE |
| General note |
Book includes elastic band to fix covers. |
| 650 #0 - SUBJECT ADDED ENTRY--TOPICAL TERM |
| Topical term or geographic name as entry element |
School buildings |
| General subdivision |
Design and construction. |
| 700 1# - ADDED ENTRY--PERSONAL NAME |
| Personal name |
Meuser, Natascha, |
| Dates associated with a name |
1967- |
| 700 1# - ADDED ENTRY--PERSONAL NAME |
| Personal name |
Hoffmann, Hans Wolfgang, |
| Dates associated with a name |
1970- |
| 700 1# - ADDED ENTRY--PERSONAL NAME |
| Personal name |
Müller, Thomas, |
| Dates associated with a name |
1947- |
| 700 1# - ADDED ENTRY--PERSONAL NAME |
| Personal name |
Schneider, Jochem. |
| 700 1# - ADDED ENTRY--PERSONAL NAME |
| Personal name |
Steinherz, Geoffrey. |
| 830 #0 - SERIES ADDED ENTRY--UNIFORM TITLE |
| Uniform title |
Construction and design manual. |
| 942 ## - ADDED ENTRY ELEMENTS (KOHA) |
| Source of classification or shelving scheme |
|